| 000 | 00656nam a2200205 u 4500 | ||
|---|---|---|---|
| 005 | 20220905201651.0 | ||
| 008 | 100809s2009 mx r 000 0 spa d | ||
| 020 | _a9786074570298 | ||
| 035 | _aUPN01000177260 | ||
| 049 | _aCG | ||
| 050 | 4 |
_aDC203 _bZ5.6 |
|
| 100 | 1 | _aZicolillo, Jorge | |
| 245 | 1 | 0 |
_aNapoleón y María Walewska : _bla fiel amante del Emperador / _cJorge Zicolillo. |
| 260 |
_aMéxico : _bL. D. Books, _c2009. |
||
| 300 | _a174 p. | ||
| 440 | 0 | _aGrandes amores de la historia | |
| 600 | 0 | 0 |
_aNapoleón _bI, _cEmperador de Francia, _d1769-1821 _913104 |
| 600 | 1 | 4 |
_aWALEWSKA, MARIA LACZYNSKA, _cCONDESA, _d1789-1817 _917328 |
| 905 | _aLibro | ||
| 999 |
_c149363 _d149363 |
||